Statistics for Top Ten All-Time Trail Blazers (NBA)

Click here to take the quiz!

General Stats

  • This quiz has been taken 20 times
  • The average score is 6 of 10

Answer Stats

RankAnswer% Correct
#2Damian Lillard
100%
#1Clyde Drexler
80%
#3Bill Walton
73%
#5CJ Mccollum
67%
#4Lamarcus Aldridge
60%
#8Brandon Roy
47%
#6Terry Porter
40%
#7Jerome Kersey
33%
#10Kevin Duckworth
33%
#9Rasheed Wallace
33%

Score Distribution

Percentile by Number Answered

Percent of People with Each Score

Your Score History

You have not taken this quiz